| 000 | 00811nam a2200205 a 4500 | ||
|---|---|---|---|
| 003 | 0 | ||
| 005 | 20250315113925.0 | ||
| 008 | 071127s19uu xx 00 eng d | ||
| 050 |
_aPGS BF 723.E6.S47 _b.L477 2007 |
||
| 100 | _aLee, Da Joung (Sylvia). | ||
| 245 |
_aRelationship of separation from parents on the emotional growth of the students / _cDa Joung Lee. |
||
| 260 |
_aLas PiƱas City, Philippines : _bSouthville International School and Colleges, _c2007. |
||
| 300 |
_a32 pages : _billustrations ; _c28 cm. |
||
| 504 | _aIncludes bibliographical references. | ||
| 650 | _aEmotional development in children. | ||
| 650 |
_aParent and child _vPsychological aspects. |
||
| 650 |
_aChildren of migrant parents _vEmotional aspects. |
||
| 650 |
_aParental absence _vImpact on children. |
||
| 942 |
_2lcc _cPASS |
||
| 999 |
_c97738 _d97738 |
||